[Event "8 Player Open 9"]
[Site "SchemingMind.com"]
[Date "2014.08.11"]
[Round "-"]
[White "emvarela"]
[Black "bobbassbone"]
[Result "1-0"]
[WhiteCountry "ARG"]
[BlackCountry "ENG"]
[WhiteElo "1686"]
[WhiteRD "48"]
[BlackElo "1590"]
[BlackRD "56"]
[GameID "362902"]

1. e4 c6 2. d4 d5 3. Nc3 dxe4 4. Nxe4 Bf5 5. Ng3 Bg6 6. h4 h6 7. Nf3 Nf6 8. h5 Bh7 9. Bd3 Bxd3 10. Qxd3 e6
11. Bf4 Bd6 12. Bxd6 Qxd6 13. Ne4 Nxe4 14. Qxe4 Qb4+ 15. Nd2 O-O 16. O-O-O Nd7 17. c3 Qe7 18. Nf3 Nf6 19. Qc2 Rad8 20. Ne5 Rd5
21. g4 Rfd8 22. f4 Nxg4 23. Nxg4 Qd6 24. Ne5 c5 25. dxc5 Qxc5 26. Nxf7 Rxd1+ 27. Rxd1 Rxd1+ 28. Qxd1 Kxf7 29. Qd7+ Qe7 30. Qxe7+ Kxe7
31. Kd2 Kd6 32. Kd3 e5 33. fxe5+ Kxe5 34. c4 Kf5 35. b4 Kg5 36. c5 Kxh5 37. b5 g5 38. c6 bxc6 39. bxc6 g4 40. c7 g3
41. c8=Q Kh4 42. Qc4+ Kh3 43. Qe6+ Kh2 44. Qxh6+ Kg2 45. Ke2 Kg1 46. Qh3 g2 47. Kf3
1-0

[Event "8 Player Open 9"]
[Site "SchemingMind.com"]
[Date "2014.08.11"]
[Round "-"]
[White "bobbassbone"]
[Black "emvarela"]
[Result "1-0"]
[WhiteCountry "ENG"]
[BlackCountry "ARG"]
[WhiteElo "1638"]
[WhiteRD "57"]
[BlackElo "1627"]
[BlackRD "46"]
[GameID "362903"]

1. d4 Nf6 2. Bf4 d5 3. e3 e6 4. Nd2 Bd6 5. Bg3 Bxg3 6. hxg3 Bd7 7. c3 Qe7 8. Ngf3 Nc6 9. Bd3 O-O-O 10. b4 a6
11. a4 Na7 12. Ne5 h6 13. a5 Bb5 14. Nb3 Bxd3 15. Qxd3 Nd7 16. Nxd7 Qxd7 17. Nc5 Qb5 18. Qc2 Rd6 19. Kd2 b6 20. axb6 Rxb6
21. Ra5 Qc4 22. Rha1 e5 23. Rxa6 exd4 24. Rxa7 dxc3+ 25. Ke1 Rxb4 26. Qf5+
1-0

[Event "8 Player Open 9"]
[Site "SchemingMind.com"]
[Date "2014.08.11"]
[Round "-"]
[White "emvarela"]
[Black "Phillip Beckett"]
[Result "1/2-1/2"]
[WhiteCountry "ARG"]
[BlackCountry "ENG"]
[WhiteElo "1627"]
[WhiteRD "46"]
[BlackElo "1588"]
[BlackRD "52"]
[GameID "362919"]

1. e4 e5 2. Nf3 Nc6 3. Bb5 a6 4. Bxc6 dxc6 5. O-O f6 6. d4 exd4 7. Qxd4 Qxd4 8. Nxd4 Bd7 9. Nc3 O-O-O 10. Be3 Ne7
11. Rad1 Ng6 12. a3 Ne5 13. Nb3 Nc4 14. Bc1 Be7 15. Nd2 Nxd2 16. Bxd2 Bg4 17. f3 Be6 18. Be3 Rxd1 19. Rxd1 Rd8 20. Rxd8+ Kxd8
21. Kf2 Kd7 22. Ne2 Bc4 23. Nd4 Bc5 24. b4 Bxd4 25. Bxd4 b6 26. Ke3 Kd6 27. f4 Bf1=
1/2-1/2

[Event "8 Player Open 9"]
[Site "SchemingMind.com"]
[Date "2014.08.11"]
[Round "-"]
[White "Phillip Beckett"]
[Black "emvarela"]
[Result "1-0"]
[WhiteCountry "ENG"]
[BlackCountry "ARG"]
[WhiteElo "1588"]
[WhiteRD "52"]
[BlackElo "1627"]
[BlackRD "46"]
[GameID "362920"]

1. e4 e5 2. Nf3 Nc6 3. Bc4 Bc5 4. c3 Qe7 5. O-O h6 6. d3 Nf6 7. Nbd2 O-O 8. h3 d6 9. Re1 Be6 10. Bxe6 Qxe6
11. Nf1 Rfe8 12. Be3 Bxe3 13. Nxe3 d5 14. exd5 Nxd5 15. Nxd5 Qxd5 16. Qb3 Qxb3 17. axb3 f6 18. Kf1 Kf7 19. Rad1 a6 20. Re4 Na5
21. b4 Nb3 22. Nd2 Nxd2+ 23. Rxd2 b5 24. Rde2 a5 25. bxa5 Rxa5 26. g3 Ra1+ 27. Kg2 c5 28. f4 Ra4 29. fxe5 Rxe4 30. Rxe4 Rxe5
31. Rxe5 fxe5 32. Kf3 Ke6 33. Ke4 g6 34. d4 exd4 35. cxd4 c4 36. d5+ Kd6 37. Kd4 g5 38. g4 Kc7 39. Kc5
1-0

[Event "8 Player Open 9"]
[Site "SchemingMind.com"]
[Date "2014.08.11"]
[Round "-"]
[White "Phillip Beckett"]
[Black "bobbassbone"]
[Result "1/2-1/2"]
[WhiteCountry "ENG"]
[BlackCountry "ENG"]
[WhiteElo "1606"]
[WhiteRD "49"]
[BlackElo "1624"]
[BlackRD "58"]
[GameID "362921"]

1. e4 c6 2. d4 d5 3. Nc3 dxe4 4. Nxe4 Bf5 5. Ng3 Bg6 6. Nf3 h6 7. c3 Nf6 8. Bd3 Bxd3 9. Qxd3 e6 10. O-O Bd6
11. Be3 Bxg3 12. hxg3 Nbd7 13. Rad1 O-O 14. Rfe1 Qc7 15. Bc1 Rad8 16. Ne5 Nxe5 17. Rxe5 Qxe5 18. dxe5 Rxd3 19. Rxd3 Nd5 20. f4 Re8
21. Be3 Nxe3 22. Rxe3 Rd8 23. Kf2 Kf8 24. Ke2 Ke7 25. Rd3 Rxd3 26. Kxd3 Kd7 27. Ke4 c5 28. g4 Kc6 29. f5 b5 30. g3 a5
31. b3 Kb6 32. a4 bxa4 33. bxa4 Kc6 34. c4 Kd7 35. Kf4 Ke7 36. Ke4 g6 37. f6+ Ke8 38. Kf4 Kf8 39. g5 hxg5+ 40. Kxg5 Kg8=
1/2-1/2

[Event "8 Player Open 9"]
[Site "SchemingMind.com"]
[Date "2014.08.11"]
[Round "-"]
[White "bobbassbone"]
[Black "Phillip Beckett"]
[Result "0-1"]
[WhiteCountry "ENG"]
[BlackCountry "ENG"]
[WhiteElo "1624"]
[WhiteRD "58"]
[BlackElo "1606"]
[BlackRD "49"]
[GameID "362922"]

1. d4 d5 2. Bf4 Nf6 3. e3 e6 4. c3 c6 5. Nf3 Bd6 6. Bg3 Bxg3 7. hxg3 Nbd7 8. Nbd2 Qc7 9. Bd3 e5 10. dxe5 Nxe5
11. Nxe5 Qxe5 12. Nf3 Qc7 13. Ng5 h6 14. Qc2 Be6 15. Nxe6 fxe6 16. Bg6+ Kd7 17. O-O-O Rad8 18. Rh4 Kc8 19. Qa4 Kb8 20. Qb3 e5
21. Bd3 e4 22. Be2 g5 23. Rh2 Nd7 24. Rdh1 Qd6 25. Ba6 Nb6 26. Be2 Qf6 27. f3 exf3 28. gxf3 Qe6 29. e4 Rd6 30. Rd1 dxe4
31. Rxd6 Qxd6 32. Rg2 exf3 33. Bxf3 Rd8 34. Qc2 Qd3 35. Rd2 Qf1+ 36. Qd1 Qxd1+ 37. Rxd1 Rxd1+ 38. Kxd1 Kc7 39. Kc2 Kd6 40. Kd3 Ke5
41. Bg4 Nd5 42. b3 Nf6 43. Be2 Nd5 44. c4 Nb4+ 45. Kc3 Nxa2+ 46. Kb2 Nb4 47. Kc3 Na6 48. g4 Nc7 49. Kd3 Ne6 50. Ke3 Nf4
51. Bd1 Ne6 52. Be2 a6 53. Kd3 b5 54. cxb5 axb5 55. Bf3 c5 56. Ke3 Nd4 57. Bd1 Ne6 58. Kf3 c4 59. bxc4 bxc4 60. Ke3 Nd4
61. Ba4 c3 62. Kd3 c2
0-1

[Event "8 Player Open 9"]
[Site "SchemingMind.com"]
[Date "2014.08.18"]
[Round "-"]
[White "emvarela"]
[Black "daki"]
[Result "0-1"]
[WhiteCountry "ARG"]
[BlackCountry "SRB"]
[WhiteElo "1686"]
[WhiteRD "48"]
[BlackElo "1978"]
[BlackRD "114"]
[GameID "363112"]

1. e4 c6 2. d4 d5 3. Nc3 dxe4 4. Nxe4 Nd7 5. Nf3 Ngf6 6. Nxf6+ Nxf6 7. Bc4 Bf5 8. Be3 e6 9. c3 Bd6 10. O-O O-O
11. Bd3 Bxd3 12. Qxd3 h6 13. Rad1 Qc7 14. Rfe1 Rad8 15. g3 c5 16. Qc4 Nd5 17. dxc5 Nxe3 18. Rxe3 Bxc5 19. Rxd8 Rxd8 20. Nd4 Qb6
21. Rd3 Qxb2 22. Qxc5 Qb1+ 23. Kg2 Qxd3
0-1

[Event "8 Player Open 9"]
[Site "SchemingMind.com"]
[Date "2014.08.18"]
[Round "-"]
[White "daki"]
[Black "emvarela"]
[Result "1/2-1/2"]
[WhiteCountry "SRB"]
[BlackCountry "ARG"]
[WhiteElo "1978"]
[WhiteRD "114"]
[BlackElo "1686"]
[BlackRD "48"]
[GameID "363113"]

1. Nf3 Nf6 2. g3 g6 3. Bg2 Bg7 4. O-O O-O 5. d4 d5 6. c4 dxc4 7. Na3 a6 8. Nxc4 b5 9. Nfe5 Nd5 10. Na5 Bxe5
11. dxe5 e6 12. Bh6 Re8 13. Qd2 c5 14. e4 Nb6 15. Qxd8 Rxd8 16. Rfd1 Rd4 17. Nb3 Rxd1+ 18. Rxd1 Bd7 19. Nxc5 Ra7 20. b3 Nc6
21. Rd6 Be8 22. a4 bxa4 23. Nxa4 Nxa4 24. bxa4 Ra8 25. Bf4=
1/2-1/2

[Event "8 Player Open 9"]
[Site "SchemingMind.com"]
[Date "2014.08.18"]
[Round "-"]
[White "Phillip Beckett"]
[Black "daki"]
[Result "0-1"]
[WhiteCountry "ENG"]
[BlackCountry "SRB"]
[WhiteElo "1588"]
[WhiteRD "52"]
[BlackElo "1937"]
[BlackRD "134"]
[GameID "363114"]

1. e4 e5 2. Nf3 Nc6 3. Bb5 Nf6 4. d3 Ne7 5. O-O Ng6 6. h3 c6 7. Ba4 a5 8. c3 Be7 9. Bc2 d5 10. exd5 cxd5
11. Re1 Qc7 12. Nbd2 O-O 13. Nf1 Bd6 14. Ne3 e4 15. dxe4 dxe4 16. Nd4 Bd7 17. Ba4 Bc6 18. Nxc6 bxc6 19. Nf5 Bh2+ 20. Kf1 Be5
21. Bc2 Rfd8 22. Qe2 Rab8 23. Bg5 Nf4 24. Qc4 Rxb2 25. Bxe4 Qb6 26. Ne7+ Kh8 27. Qxc6 Qxf2#
0-1

[Event "8 Player Open 9"]
[Site "SchemingMind.com"]
[Date "2014.08.18"]
[Round "-"]
[White "daki"]
[Black "Phillip Beckett"]
[Result "1-0"]
[WhiteCountry "SRB"]
[BlackCountry "ENG"]
[WhiteElo "1937"]
[WhiteRD "134"]
[BlackElo "1588"]
[BlackRD "52"]
[GameID "363115"]

1. c4 e5 2. Nc3 Nf6 3. g3 d5 4. cxd5 Nxd5 5. Bg2 Be6 6. Nf3 f6 7. O-O Nc6 8. d4 exd4 9. Nxd4 Nxd4 10. Qxd4 c6
11. Rd1 Nxc3 12. Qxd8+ Rxd8 13. Rxd8+ Kxd8 14. bxc3 Bc5 15. Rb1 Kc7 16. a4 Rd8 17. Bf4+ Bd6 18. Be3 Bf8 19. Bxa7 Rd2 20. Be4 Rxe2
21. Bb6+ Kb8 22. Bf3 Rc2 23. Re1 Bf7 24. Rd1 Be7 25. Rd7 Rc1+ 26. Kg2 Re1 27. Be3 Bg6 28. Rxe7
1-0

[Event "8 Player Open 9"]
[Site "SchemingMind.com"]
[Date "2014.08.13"]
[Round "-"]
[White "bobbassbone"]
[Black "daki"]
[Result "0-1"]
[WhiteCountry "ENG"]
[BlackCountry "SRB"]
[WhiteElo "1590"]
[WhiteRD "56"]
[BlackElo "1978"]
[BlackRD "114"]
[GameID "363116"]

1. d4 d5 2. Bf4 c5 3. c3 e6 4. e3 Nc6 5. Nf3 Nf6 6. h3 Bd6 7. Bg5 h6 8. Bxf6 Qxf6 9. Nbd2 O-O 10. Bd3 cxd4
11. exd4 e5 12. dxe5 Nxe5 13. Nxe5 Bxe5 14. Nf3 Bxc3+ 15. bxc3 Qxc3+ 16. Kf1 Re8 17. Rc1 Qa3 18. Bb1 Bd7 19. Kg1 Bc6 20. Kh2 Qd6+
21. g3 Qf6 22. Re1 d4 23. Rxe8+ Rxe8 24. Rxc6 bxc6 25. Kg2 Rd8 26. Qa4 c5 27. Qxa7 c4 28. Qc7 d3 29. Nd2 Qd4 30. Nxc4 d2
31. Ne3 d1=Q 32. Nxd1 Qxd1 33. Be4 Qd4 34. Bf3 Qd6= 35. Qxd6 Rxd6 36. a4 g6 37. Be2 Rd2 38. Kf3 Ra2 39. Bb5 Kg7 40. Kg2= f5
41. Kf3 Kf6 42. Kg2 Ke5 43. Kf3 g5 44. Kg2 Ra3 45. Kf1 h5 46. Kg2 f4 47. Bc6 fxg3 48. fxg3 Rc3 49. Bb5 Kd4 50. Be8 h4
51. gxh4 gxh4 52. Bd7 Ke3 53. Bb5 Rc2+ 54. Kg1 Kf3 55. Bc6+ Rxc6
0-1

[Event "8 Player Open 9"]
[Site "SchemingMind.com"]
[Date "2014.08.13"]
[Round "-"]
[White "daki"]
[Black "bobbassbone"]
[Result "1-0"]
[WhiteCountry "SRB"]
[BlackCountry "ENG"]
[WhiteElo "1767"]
[WhiteRD "261"]
[BlackElo "1624"]
[BlackRD "58"]
[GameID "363117"]

1. e4 c6 2. d4 d5 3. exd5 cxd5 4. c4 Nf6 5. Nc3 e6 6. Nf3 Bb4 7. cxd5 Nxd5 8. Qc2 Bxc3+ 9. bxc3 Nd7 10. Bd3 N7f6
11. O-O h6 12. Ne5 Nd7 13. f4 Qc7 14. Bd2 N7f6 15. c4 Nb6 16. Bb4 Nbd7 17. Qa4 b6 18. Rae1 Ng8 19. d5 exd5 20. Nc6+
1-0

[Event "8 Player Open 9"]
[Site "SchemingMind.com"]
[Date "2014.08.22"]
[Round "-"]
[White "emvarela"]
[Black "kenneth m day"]
[Result "0-1"]
[WhiteCountry "ARG"]
[BlackCountry "USA"]
[WhiteElo "1686"]
[WhiteRD "48"]
[BlackElo "1657"]
[BlackRD "51"]
[GameID "363228"]

1. e4 e5 2. Nf3 Nc6 3. Bb5 a6 4. Bxc6 dxc6 5. O-O Qd6 6. d3 Nf6 7. Nc3 Bg4 8. h3 Bh5 9. Ne2 O-O-O 10. Bg5 Be7
11. Ng3 Bg6 12. Bxf6 Bxf6 13. Qd2 Qc5 14. b4 Qd6 15. a3 h5 16. Rfd1 h4 17. Ne2 Bh5 18. Ne1 Rh6 19. f4 exf4 20. Nf3 Bxa1
21. Rxa1 Qf6 22. Qxf4 Qxa1+ 23. Kf2 Qf6 24. Ng5 Qxf4+ 25. Nxf4 Rf6 26. Ke3 Bg6 27. e5 Re8 28. Nf3 Rf5
0-1

[Event "8 Player Open 9"]
[Site "SchemingMind.com"]
[Date "2014.08.20"]
[Round "-"]
[White "Phillip Beckett"]
[Black "kenneth m day"]
[Result "1/2-1/2"]
[WhiteCountry "ENG"]
[BlackCountry "USA"]
[WhiteElo "1588"]
[WhiteRD "52"]
[BlackElo "1669"]
[BlackRD "52"]
[GameID "363230"]

1. e4 e5 2. Nf3 d6 3. d4 exd4 4. Nxd4 Nf6 5. Nc3 Be7 6. Be2 O-O 7. O-O c5 8. Nb3 Nc6 9. Kh1 Be6 10. f4 Rc8
11. Bf3 Nb4 12. a3 Nc6 13. Nd5 Re8 14. Nxe7+ Rxe7 15. Be3 b6 16. Qe1 Bc4 17. Rf2 Qe8 18. Qc3 Ba6 19. Re1 Nxe4 20. Bxe4 Rxe4
21. Rf3 Bb7 22. Rg3 g6 23. Bf2 Rxe1+ 24. Qxe1 Qxe1+ 25. Bxe1 Re8 26. Bc3 Ne7 27. Re3 f5 28. Bf6 Kf7 29. Bxe7 Rxe7 30. Rxe7+ Kxe7
31. Kg1 d5 32. Kf2 Ke6 33. g3 d4 34. Nd2 Be4 35. c3 d3 36. Ke3 c4 37. b3 b5 38. bxc4 bxc4 39. Nxc4 Kd5 40. Nb2 Kc5
41. Nxd3+ Kc4 42. Ne5+ Kxc3 43. g4 Kb3 44. gxf5 gxf5 45. Nf7 Kxa3 46. Nd6 Bc2 47. Nb5+ Kb4= 48. Nxa7 Kc5 49. Nc8 Kd5 50. Ne7+ Ke6
51. Nc6 Be4 52. Nd4+ Kf6=
1/2-1/2

[Event "8 Player Open 9"]
[Site "SchemingMind.com"]
[Date "2014.08.20"]
[Round "-"]
[White "kenneth m day"]
[Black "Phillip Beckett"]
[Result "1-0"]
[WhiteCountry "USA"]
[BlackCountry "ENG"]
[WhiteElo "1708"]
[WhiteRD "50"]
[BlackElo "1606"]
[BlackRD "49"]
[GameID "363231"]

1. e4 e5 2. f4 Qh4+ 3. g3 Qe7 4. d3 exf4 5. Bxf4 d5 6. Nc3 dxe4 7. dxe4 Nf6 8. e5 c6 9. Be2 Ng8 10. Qd2 Be6
11. O-O-O Nd7 12. Bg5 f6 13. exf6 Ngxf6 14. Nf3 O-O-O 15. Rhe1 h6 16. Bf4 Nb6 17. Qe3 Rxd1+ 18. Bxd1 Nfd5 19. Qxe6+ Qxe6 20. Rxe6 Nxc3
21. bxc3 Ba3+ 22. Kb1 Nc4 23. Be2 Rd8 24. Nd4 Bf8 25. Bxc4
1-0

[Event "8 Player Open 9"]
[Site "SchemingMind.com"]
[Date "2014.08.17"]
[Round "-"]
[White "kenneth m day"]
[Black "bobbassbone"]
[Result "0-1"]
[WhiteCountry "USA"]
[BlackCountry "ENG"]
[WhiteElo "1669"]
[WhiteRD "52"]
[BlackElo "1638"]
[BlackRD "57"]
[GameID "363232"]

1. e4 c6 2. d4 d5 3. e5 Bf5 4. Nc3 e6 5. Nf3 h6 6. Bd2 Bb4 7. Nh4 Bh7 8. Qg4 g5 9. O-O-O Bxc3 10. Bxc3 gxh4
11. Qg7 Qg5+ 12. Qxg5 hxg5 13. Be2 Ne7 14. Bh5 Nd7 15. Bd2 Bxc2 16. Bxf7+ Kxf7 17. Kxc2 Kg6 18. f4 gxf4 19. Bxf4 Raf8 20. Be3 c5
21. Rd2 cxd4 22. Bxd4 b6 23. g3 hxg3 24. Rg1 Kf7 25. Rxg3 Ke8 26. Rg6 Nc6 27. Rxe6+ Ne7 28. Rg2 Rh4 29. Bc3 Rfh8 30. Kb3 Rxh2
31. Rg3 Nc5+
0-1

[Event "8 Player Open 9"]
[Site "SchemingMind.com"]
[Date "2014.08.17"]
[Round "-"]
[White "bobbassbone"]
[Black "kenneth m day"]
[Result "0-1"]
[WhiteCountry "ENG"]
[BlackCountry "USA"]
[WhiteElo "1590"]
[WhiteRD "56"]
[BlackElo "1657"]
[BlackRD "51"]
[GameID "363233"]

1. d4 Nf6 2. Bf4 d6 3. e3 g6 4. c3 Bg7 5. Nf3 O-O 6. Nbd2 b6 7. Be2 Bb7 8. h3 Nbd7 9. h4 Nd5 10. Bg3 Re8
11. h5 e5 12. dxe5 dxe5 13. hxg6 fxg6 14. Bc4 Nc5 15. Bxd5+ Bxd5 16. Qc2 Qf6 17. c4 Be6 18. Ne4 Nxe4 19. Qxe4 Bf5 20. Qd5+ Be6
21. Bxe5 Bxd5 22. Bxf6 Bxf6 23. cxd5 Bxb2 24. Rd1 Rad8 25. Rh4 Bf6 26. Rc4 Rd7 27. Rdc1 Bd8 28. Nd4 Rxd5 29. Kf1 c5 30. Nc6 a6
31. Nb4 cxb4 32. Rxb4 b5 33. Rc8 Kf7 34. Ra8 Ba5 35. Rf4+ Rf5 36. Rxf5+ gxf5 37. Rxa6 Bc3 38. Ra7+ Kg6 39. a4 b4 40. a5 Rb8
41. Ke2 b3
0-1

[Event "8 Player Open 9"]
[Site "SchemingMind.com"]
[Date "2014.08.17"]
[Round "-"]
[White "kenneth m day"]
[Black "daki"]
[Result "0-1"]
[WhiteCountry "USA"]
[BlackCountry "SRB"]
[WhiteElo "1712"]
[WhiteRD "48"]
[BlackElo "2002"]
[BlackRD "102"]
[GameID "363234"]

1. d4 Nf6 2. Nc3 e6 3. e4 d5 4. e5 Nfd7 5. Qg4 c5 6. Nf3 cxd4 7. Qxd4 Nc6 8. Qf4 f6 9. exf6 Qxf6 10. Qc7 Bb4
11. Bd2 O-O 12. Qg3 Nde5 13. O-O-O Nxf3 14. gxf3 Qxf3 15. Bg2 Qxg3 16. fxg3 Bd7 17. a3 Be7 18. Nb5 a6 19. Nc3 Rac8 20. Rde1 d4
21. Ne4 e5 22. h4 d3 23. c3 Nd4 24. Kb1 Nb3 25. Rd1 Bg4 26. Rde1 b5 27. Ka2 Nxd2 28. Nxd2 Rf2 29. Bd5+ Kh8 30. Rxe5 Bf6
31. Re4 Bf5 32. Rf4 Rxd2 33. Rxf5 Rxc3 34. Re1 Rxb2+ 35. Kxb2 Rc2+ 36. Kb1 Rb2+ 37. Ka1 Re2+ 38. Rxf6 Rxe1+
0-1

[Event "8 Player Open 9"]
[Site "SchemingMind.com"]
[Date "2014.08.17"]
[Round "-"]
[White "daki"]
[Black "kenneth m day"]
[Result "1/2-1/2"]
[WhiteCountry "SRB"]
[BlackCountry "USA"]
[WhiteElo "1937"]
[WhiteRD "134"]
[BlackElo "1669"]
[BlackRD "52"]
[GameID "363235"]

1. e4 e5 2. Nf3 d6 3. d4 exd4 4. Nxd4 Nf6 5. Nc3 Be7 6. Bc4 c5 7. Bb5+ Bd7 8. Nf5 O-O 9. Bd3 Nc6 10. Bf4 Bxf5
11. exf5 Nd4 12. O-O Qd7 13. Re1=
1/2-1/2

[Event "8 Player Open 9"]
[Site "SchemingMind.com"]
[Date "2014.08.22"]
[Round "-"]
[White "SAMAEL"]
[Black "emvarela"]
[Result "0-1"]
[WhiteCountry "CAN"]
[BlackCountry "ARG"]
[WhiteElo "1548"]
[WhiteRD "46"]
[BlackElo "1686"]
[BlackRD "48"]
[GameID "363252"]

1. e4 e5 2. Nf3 Nc6 3. Be2 Nf6 4. d3 d5 5. exd5 Nxd5 6. Bd2 Bd6 7. O-O O-O 8. Re1 Be6 9. Nc3 Nxc3 10. Bxc3 Qf6
11. h3 Rad8
0-1

[Event "8 Player Open 9"]
[Site "SchemingMind.com"]
[Date "2014.08.22"]
[Round "-"]
[White "Phillip Beckett"]
[Black "SAMAEL"]
[Result "1-0"]
[WhiteCountry "ENG"]
[BlackCountry "CAN"]
[WhiteElo "1540"]
[WhiteRD "50"]
[BlackElo "1548"]
[BlackRD "46"]
[GameID "363253"]

1. e4 e5 2. Nf3 d6 3. d4 exd4 4. Nxd4 Be7 5. Nc3 Nf6 6. Be2 O-O 7. O-O Bd7 8. Kh1 Kh8 9. f4 h6 10. Bf3 Nc6
11. Be3 Nxd4 12. Bxd4 c6 13. Qd2 Qc8 14. Rad1 Nh7 15. e5 d5 16. Ne2 b6 17. Bg1 Qa6 18. a3 Qa4 19. Nc3 Qa6 20. Be2 Qb7
21. Bd3 f5 22. exf6 Nxf6 23. Rde1 Rae8 24. Bg6 Bd8 25. Bxe8 Rxe8 26. Rxe8+ Bxe8 27. Re1 Kg8 28. Ne2 Bf7 29. Nd4 c5 30. Nf3 Ne4
31. Rxe4 dxe4 32. Qxd8+ Kh7 33. Ne5 Qd5 34. Qxd5 Bxd5 35. Be3 g6 36. c4 Bb7 37. Kg1 Kg7 38. Kf2 Kf6 39. g3 h5 40. g4 hxg4
41. Nxg4+
1-0

[Event "8 Player Open 9"]
[Site "SchemingMind.com"]
[Date "2014.08.22"]
[Round "-"]
[White "SAMAEL"]
[Black "Phillip Beckett"]
[Result "1-0"]
[WhiteCountry "CAN"]
[BlackCountry "ENG"]
[WhiteElo "1548"]
[WhiteRD "46"]
[BlackElo "1540"]
[BlackRD "50"]
[GameID "363254"]

1. d4 d5 2. e3 Nf6 3. c4 e6 4. cxd5 exd5 5. Nf3 c6 6. Nc3 Be7 7. Be2 O-O 8. O-O Nbd7 9. h3 Re8 10. Re1 Bd6
11. Nh2 Nf8 12. Ng4 Nxg4 13. Bxg4 Bxg4 14. Qxg4 Qf6 15. Bd2 Qg6 16. Qxg6 Nxg6 17. a3 Nh4 18. Re2 Nf5 19. Rae1 Bf8 20. Na2 Re6
21. Nc1 Rae8 22. Kf1 Bd6 23. Nd3 Bc7 24. b4 Nd6 25. Bc1 Ne4 26. Nc5 R6e7 27. Nxb7 Bb6 28. Nc5 Bxc5 29. dxc5 Nc3 30. Rc2 Nb5
31. Rd1 a6 32. Bb2 Re4 33. g3 Rd8 34. Rd3 Rde8 35. a4 R4e6 36. axb5 axb5 37. Kg2 Re4 38. Rd4 Rxd4 39. Bxd4
1-0

[Event "8 Player Open 9"]
[Site "SchemingMind.com"]
[Date "2014.08.22"]
[Round "-"]
[White "kenneth m day"]
[Black "SAMAEL"]
[Result "1-0"]
[WhiteCountry "USA"]
[BlackCountry "CAN"]
[WhiteElo "1657"]
[WhiteRD "51"]
[BlackElo "1548"]
[BlackRD "46"]
[GameID "363255"]

1. e4 e5 2. f4 exf4 3. Nf3 d6 4. d4 Be7 5. Bxf4 h6 6. Bb5+ Bd7 7. Bxd7+ Nxd7 8. Nc3 Ngf6 9. O-O O-O 10. e5 Nh7
11. Qd3 a6 12. Nd5 Rc8 13. Rae1 Re8 14. e6 fxe6 15. Rxe6 Ndf8 16. Nxe7+ Rxe7 17. Rxe7
1-0

[Event "8 Player Open 9"]
[Site "SchemingMind.com"]
[Date "2014.08.22"]
[Round "-"]
[White "SAMAEL"]
[Black "kenneth m day"]
[Result "0-1"]
[WhiteCountry "CAN"]
[BlackCountry "USA"]
[WhiteElo "1548"]
[WhiteRD "46"]
[BlackElo "1657"]
[BlackRD "51"]
[GameID "363256"]

1. c4 Nf6 2. Nf3 c5 3. Nc3 Nc6 4. e4 d6 5. Be2 g6 6. d3 Bg7 7. O-O O-O 8. h3 Bd7 9. Bd2 e6 10. a3 Nd4
11. Re1 Re8 12. Bf1 Bc6 13. Nxd4 cxd4 14. Ne2 Nh5 15. f3 f5 16. Kh2 Qh4 17. g3 Qe7 18. Rb1 fxe4
0-1

[Event "8 Player Open 9"]
[Site "SchemingMind.com"]
[Date "2014.08.22"]
[Round "-"]
[White "SAMAEL"]
[Black "bobbassbone"]
[Result "1-0"]
[WhiteCountry "CAN"]
[BlackCountry "ENG"]
[WhiteElo "1548"]
[WhiteRD "46"]
[BlackElo "1590"]
[BlackRD "56"]
[GameID "363257"]

1. Nc3 c6 2. Nf3 d5 3. d4 Nf6 4. e3 Bg4 5. Be2 e6 6. O-O h6 7. h3 Bxf3 8. Bxf3 Bd6 9. Bd2 Nbd7 10. a3 O-O
11. Ne2 Qc7 12. Rc1 Ne4 13. Nc3 Ndf6 14. Nxe4 dxe4 15. Be2 Rae8 16. f4 Nd7 17. c3 f5 18. Kh1 Rf6 19. Be1 g5 20. g3 gxf4
21. gxf4 Kh7 22. Bh4 Rg8 23. Bxf6 Nxf6 24. Rg1 Rxg1+ 25. Qxg1 Qg7 26. Qxg7+ Kxg7 27. Rg1+ Kh7 28. Bc4 a6 29. Bxe6 Nh5 30. Bxf5+ Kh8
31. Rg6 Bf8 32. Bxe4 Bg7 33. Bf3 Nf6 34. e4
1-0

[Event "8 Player Open 9"]
[Site "SchemingMind.com"]
[Date "2014.08.22"]
[Round "-"]
[White "bobbassbone"]
[Black "SAMAEL"]
[Result "1/2-1/2"]
[WhiteCountry "ENG"]
[BlackCountry "CAN"]
[WhiteElo "1638"]
[WhiteRD "57"]
[BlackElo "1775"]
[BlackRD "48"]
[GameID "363258"]

1. d4 d5 2. Bf4 Bf5 3. e3 Nc6 4. c3 Bg6 5. Bd3 Bxd3 6. Qxd3 Nf6 7. Nf3 e6 8. Nbd2 Be7 9. h3 h6 10. Ne5 Nxe5
11. Bxe5 Bd6 12. Bxd6 Qxd6 13. O-O O-O 14. Rfe1 c6 15. e4 Nd7 16. exd5 cxd5 17. Re3 Rac8 18. Rg3 Kh8 19. Re1 a6 20. Nf3 f5
21. Nh4 Rfe8 22. Ng6+ Kg8 23. Qe3 Kh7 24. Qf3 Nf6 25. Nf4 g5 26. Nh5 Qf8 27. Nxf6+ Qxf6 28. Qd3 Kh8 29. Rge3 Kg7 30. a3 Re7
31. Re5 Rce8 32. Kf1=
1/2-1/2

[Event "8 Player Open 9"]
[Site "SchemingMind.com"]
[Date "2014.08.22"]
[Round "-"]
[White "SAMAEL"]
[Black "daki"]
[Result "0-1"]
[WhiteCountry "CAN"]
[BlackCountry "SRB"]
[WhiteElo "1548"]
[WhiteRD "46"]
[BlackElo "1978"]
[BlackRD "114"]
[GameID "363259"]

1. e4 c5 2. c4 Nc6 3. Nc3 g6 4. d3 Bg7 5. Bd2 d6 6. Nf3 Nf6 7. Be2 O-O 8. O-O a6 9. Rb1 b5 10. b3 b4
11. Nd5 e6 12. Nxf6+ Bxf6 13. h3 Bb7
0-1

[Event "8 Player Open 9"]
[Site "SchemingMind.com"]
[Date "2014.08.22"]
[Round "-"]
[White "daki"]
[Black "SAMAEL"]
[Result "1-0"]
[WhiteCountry "SRB"]
[BlackCountry "CAN"]
[WhiteElo "1978"]
[WhiteRD "114"]
[BlackElo "1548"]
[BlackRD "46"]
[GameID "363260"]

1. e4 e5 2. Nf3 d6 3. Bc4 h6 4. Nc3 Nf6 5. d4 exd4 6. Nxd4 Be7 7. O-O O-O 8. b3 Bd7 9. Bb2 Nc6 10. Nxc6 Bxc6
11. Qd4 Re8 12. Nd5 Bxd5 13. exd5 Bf8 14. f3
1-0

[Event "8 Player Open 9"]
[Site "SchemingMind.com"]
[Date "2014.08.22"]
[Round "-"]
[White "dadshane2000"]
[Black "emvarela"]
[Result "1/2-1/2"]
[WhiteCountry "USA"]
[BlackCountry "ARG"]
[WhiteElo "1979"]
[WhiteRD "82"]
[BlackElo "1686"]
[BlackRD "48"]
[GameID "363313"]

1. e4 e5 2. Nf3 Nc6 3. Bc4 Bc5 4. c3 d6 5. d4 exd4 6. cxd4 Bb4+ 7. Nc3 Bxc3+ 8. bxc3 Bg4 9. Bxf7+ Kf8 10. Bxg8 Rxg8
11. O-O Qf6 12. Bg5 Bxf3 13. Qxf3 Qxf3 14. gxf3 h6 15. Be3 Re8 16. Kh1 g5 17. Rg1 Re7 18. h3 Rf7 19. Rg3 Rg6 20. Rag1 Rgf6
21. Kg2 Na5 22. d5 Nc4 23. Re1 Ne5 24. Bd4 Rxf3 25. Re2 Rxg3+ 26. fxg3 c5 27. Bxe5 dxe5 28. c4 Ke7 29. Re3 Kd6 30. Rf3=
1/2-1/2

[Event "8 Player Open 9"]
[Site "SchemingMind.com"]
[Date "2014.08.22"]
[Round "-"]
[White "emvarela"]
[Black "dadshane2000"]
[Result "1-0"]
[WhiteCountry "ARG"]
[BlackCountry "USA"]
[WhiteElo "1700"]
[WhiteRD "51"]
[BlackElo "1936"]
[BlackRD "84"]
[GameID "363314"]

1. e4 c5 2. Nf3 d6 3. d4 cxd4 4. Nxd4 Nf6 5. Nc3 Bd7 6. Be3 Ng4 7. Qf3 Nxe3 8. Qxe3 g6 9. Bd3 Qb6 10. Nb3 Qxe3+
11. fxe3 Bg7 12. O-O-O Bxc3 13. bxc3 Nc6 14. Rhf1 Ne5 15. h3 Nxd3+ 16. cxd3 O-O 17. Kb2 Ba4 18. Rd2 Bxb3 19. axb3 f6 20. d4 e6
21. Rdf2 Kg7 22. d5 e5 23. g4 Rf7 24. g5 Raf8 25. h4 fxg5 26. Rxf7+ Rxf7 27. Rxf7+ Kxf7 28. hxg5 Kg7 29. c4 Kf7 30. b4 Ke7
31. c5 a6 32. Kc3 Kd7 33. Kc4 Kc7 34. b5 dxc5 35. bxa6 bxa6= 36. Kxc5 Kb7 37. d6 a5 38. Kb5 a4 39. Kxa4 Kc6 40. Kb4 Kxd6=
41. Kb5 Ke7 42. Kc5 Ke6 43. Kc6 Kf7 44. Kd6 h5 45. gxh6
1-0